Automatización de los Sistemas de Control de los Juegos Mecánicos de la Empresa Nica Park.

Presenta los resultados de la automatización de los sistemas de Control para los Juegos Mecánicos de la Empresa Nica Park, el propósito del proyecto es salvaguardar la vida útil que tienen los diferentes componentes del sistema evitando la dependencia tecnológica que se tiene con otros países...

Full description

Bibliographic Details
Main Authors: Báez Espinoza, Jadher Antonio, Pérez Fonseca, Gerardo Ismael
Other Authors: Tutor: Gaitán, Alvaro Antonio
Format: Tesis Section = Libro
Language:Undetermined
Spanish
Published: Managua UNI 2017
Subjects:
LEADER 01163nam a2200265Ia 4500
008 240830s9999 xx 000 0 und d
040 |a BIBLIOTECA-RUSB/ Mon 025.04 B142 
041 |a spa 
082 |a Mon 025.04 B142 
100 1 |a Báez Espinoza, Jadher Antonio 
100 1 |b Pérez Fonseca, Gerardo Ismael 
245 1 0 |a Automatización de los Sistemas de Control de los Juegos Mecánicos de la Empresa Nica Park. 
260 |a Managua  |b UNI  |c 2017 
300 |a 80 p. :il. 
500 |a Contiene: anexos. 
502 |a Tesis (Ingeniero Electrónico) - UNI, 2017. 
520 3 |a Presenta los resultados de la automatización de los sistemas de Control para los Juegos Mecánicos de la Empresa Nica Park, el propósito del proyecto es salvaguardar la vida útil que tienen los diferentes componentes del sistema evitando la dependencia tecnológica que se tiene con otros países que se dedican a suplir con estas necesidades. 
650 7 |a SISTEMA AUTOMATIZADO 
650 7 |b  SISTEMA DE CONTROL 
650 7 |c  JUEGOS MECANICOS 
650 7 |d  SOFTWARE 
700 1 |a Tutor:  |b Gaitán, Alvaro Antonio 
942 |c BK  |2 ddc 
991 |a TESIS 
999 |c 19864